000 00689nam a2200241Ia 4500
003 OSt
005 20220918201934.0
006 a|||||r|||| 00| 0
007 ta
008 220917b |||||||| |||| 00| 0 eng d
024 _a97,600
037 _cTextual
040 _aARTS
_cARTS
_beng
041 _2eng
_aeng
082 _aV2:2501:N36<-N17, G7 (SL)
110 _aHome (Department), Intelligence (Bureau) (India)
_9101410
245 0 _aTerrorism in India 1917-1936
260 _c1937
650 _aHISTORY
700 _aHome (Department), Intelligence (Bureau) (India)
_9101411
942 _hV2:2501:N36<-N17, G7 (SL)
_cTEXL
_2CC
999 _c221195
_d221195